000 00285nam a22001337a 4500
008 190226b xxu||||| |||| 00| 0 eng d
020 _a9781562790615
041 _aeng
080 _a574
100 _a9
101 _aMJE
245 _aGreen Essentials
_cSaign, G.C
942 _2udc
_cBK
999 _c54287
_d54287